000 00565nam a22002057a 4500
003 OSt
005 20140310182845.0
008 130611t xxu||||| |||| 00| 0 eng d
020 _a9781849792477
050 _aGV 511
_b.R282 2011
082 _aM 796.44
_bR283 2011
245 _aGymnastics :
_bskills, techniques and training /
_cReadhead, Lloyd
260 _aSingapore
_bThe Crowood Press
_cc2011
300 _a93 p. :
_bill. col. ;
_c25 cm.
521 _aCollege Students
526 _c1210L-1700L
541 _j1
562 _e1
942 _2lcc
_cBK
_kM
999 _c16912
_d16912